| 000 | 012300000a22002770004500 | ||
|---|---|---|---|
| 003 | EG-GiCUC | ||
| 005 | 20250223025841.0 | ||
| 008 | 090516s1997 ua f m 000 0 eng d | ||
| 040 |
_aEG-GiCUC _beng _cEG-GiCUC |
||
| 041 | 0 | _aEng | |
| 049 | _aDeposite | ||
| 097 | _aM.Sc | ||
| 099 | _aCai01.11.18.M.Sc.1997.Ih.R | ||
| 100 | 0 | _aIhab Ibrahim Abdelrahman | |
| 245 | 1 | 0 |
_aRBCs antioxidants as markers of the oxidative stress initiating and propagating diabetic nephropathy / _cIhab Ibrahim Abdelrahman ; Supervised Mohamed Helmy Abu zeid , Dawlat Elsayed Ibrahim Salem |
| 246 | 1 | 5 | _aمضادات الأكسدة الموجودة فى كرات الدم الحمراء كدلالة لدور الأكسدة فى بدء و استمرار مرض الكلى الناتج عن مرض البول السكرى |
| 260 |
_aCairo : _bIhab Ibrahim Abdelrahman , _c1997 |
||
| 300 |
_a242 Leaves ; _c30cm |
||
| 502 | _aThesis(M.Sc.) - Cairo University - Faculty of Medicine - Department of Internal Medicine | ||
| 700 | 0 |
_aDawlat Elsayed , _eSupervisor |
|
| 700 | 0 |
_aMohamed Helmy Abu zeid , _eSupervisor |
|
| 856 | _uhttp://172.23.153.220/th.pdf | ||
| 905 |
_aGihan _eCataloger |
||
| 905 |
_aMustafa _eRevisor |
||
| 942 |
_2ddc _cTH |
||
| 999 |
_c22021 _d22021 |
||